|
|
|
|
| LEADER |
01016nam a2200265 a 4500 |
| 001 |
1165598 |
| 008 |
101206s1997 inua 001 0 eng d |
| 010 |
|
|
|a 96067965
|
| 020 |
|
|
|a 8187105232
|
| 020 |
|
|
|a 0672309548
|
| 040 |
|
|
|a ViManCo
|c ViManCo
|d IGleD
|d TxU
|d DLC
|d BD-DhAAL
|
| 082 |
0 |
0 |
|a 621.39/16
|2 21
|
| 100 |
1 |
|
|a Rosch, Winn L.
|
| 245 |
0 |
0 |
|a Winn L. Rosch hardware bible /
|c Winn L. Rosch.
|
| 246 |
1 |
4 |
|a Hardware bible
|
| 250 |
|
|
|a Premier ed.
|
| 260 |
|
|
|a Indianapolis, Ind. :
|b Sams Pub.;
|a New Delhi, :
|b Techmedia,
|c c1997.
|
| 300 |
|
|
|a xxxii, 1206 p. :
|b ill. ;
|c 24 cm.
|e + 1 computer laser optical disc (4 3/4 in.)
|
| 500 |
|
|
|a Includes index.
|
| 541 |
1 |
|
|e 000012364
|
| 650 |
|
0 |
|a Computer input-output equipment.
|
| 650 |
|
0 |
|a Microcomputers.
|
| 852 |
4 |
|
|a Ayesha Abed library
|j General Shelf.
|
| 999 |
|
|
|c 10223
|d 10223
|
| 952 |
|
|
|0 0
|1 0
|2 ddc
|4 0
|6 621_391600000000000_ROS
|7 0
|9 13639
|a BRACUL
|b BRACUL
|c GEN
|d 2010-12-15
|g 650.00
|l 3
|m 40
|o 621.3916 ROS
|p 3010012364
|q 2026-03-29
|r 2025-10-11
|s 2025-10-11
|t 1
|w 2010-12-15
|y BK
|